Pasajeros /
Guardado en:
| Hovedforfatter: | |
|---|---|
| Format: | Bog |
| Sprog: | Spanish |
| Tags: |
Tilføj Tag
Ingen Tags, Vær først til at tagge denne postø!
|
MARC
| LEADER | 00000nam a22000007a 4500 | ||
|---|---|---|---|
| 003 | cru CRAI/IIS | ||
| 005 | 20200116153540.0 | ||
| 008 | 200116t2018 ag |||||r|||| 00| 0 spa d | ||
| 999 | |c 42857 |d 42857 | ||
| 040 | |c cru CRAI/IIS | ||
| 100 | 1 | |9 8955 |a Errázuriz, Tomás | |
| 245 | 1 | |a Pasajeros / |c Tomás Errázuriz | |
| 300 | |a páginas 139-146 | ||
| 773 | 0 | |0 42699 |9 3983 |a Zunino Singh, Dhan |d Buenos Aires, Argentina Editorial Biblos 2018 |o 18714 |t Términos claves para los estudios de movilidad en América Latina / |z 9789876916479 | |
| 942 | |2 ddc |c LI | ||



